Modernidad y holocausto (Registro nro. 91798)

Detalles MARC
000 -ENCABEZADO
Número de control [NR] 00908nam a22002777a 4500
008 - DE LONGITUD FIJA DE DATOS DE ELEMENTOS - INFORMACIÓN GENERAL
Elementos de longitud fija [NR] 130821s2006 sp gr spa
020 ## - NUMERO INTERNACIONAL NORMALIZADO PARA LIBROS [R]
Número Internacional Normalizado del libro [NR] 8495363240
040 ## - FUENTE DE CATALOGACION [NR]
Agencia de catalogación original [NR] Co-BoUCM
Idioma de catalogación [NR] spa
041 00 - CODIGO DE IDIOMA [R]
Código de idioma para texto/pista de sonido o título separado [R] Español
100 1# - ASIENTO PRINCIPAL--NOMBRE PERSONAL [NR]
Nombre personal [NR] Bauman, Zygmunt
Fechas asociadas con el nombre [NR] 1925-
ID Autoridad 53406
245 10 - MENCION DE TITULO [NR]
Título [NR] Modernidad y holocausto
Mención de responsabilidad, etc. [NR] Zygmunt Bauman ; traducción de Ana Mendoza.
250 ## - MENCION DE EDICION [NR]
Mención de edición [NR] 3a ed.
260 ## - PUBLICACION, DISTRIBUCION, ETC. (PIE DE IMPRENTA) [R]
Lugar de publicación, distribución, etc. [R] Madrid (España)
Nombre del editor, distribuidor, etc. [R] Ediciones Sequitur
Fecha de publicación, distribución, etc. [R] 2006
300 ## - DESCRIPCION FISICA [R]
Extensión [R] 270 páginas
504 ## - NOTA DE BIBLIOGRAFIA, ETC. [R]
Nota de bibliografía, etc. [NR]
650 04 - ASIENTO SECUNDARIO DE MATERIA - TERMINO TEMATICO [R]
Término temático o nombre geográfico como elemento de entrada [NR] Antisemitismo
9 (RLIN) 9173
650 04 - ASIENTO SECUNDARIO DE MATERIA - TERMINO TEMATICO [R]
Término temático o nombre geográfico como elemento de entrada [NR] Genocidio
Subdivisión general [R] Aspectos políticos
9 (RLIN) 16325
650 04 - ASIENTO SECUNDARIO DE MATERIA - TERMINO TEMATICO [R]
Término temático o nombre geográfico como elemento de entrada [NR] Genocidio
Subdivisión general [R] Aspectos psicológicos
9 (RLIN) 16325
650 04 - ASIENTO SECUNDARIO DE MATERIA - TERMINO TEMATICO [R]
Término temático o nombre geográfico como elemento de entrada [NR] Modernidad
9 (RLIN) 19681
650 04 - ASIENTO SECUNDARIO DE MATERIA - TERMINO TEMATICO [R]
Término temático o nombre geográfico como elemento de entrada [NR] Problemas sociales
9 (RLIN) 22324
650 04 - ASIENTO SECUNDARIO DE MATERIA - TERMINO TEMATICO [R]
Término temático o nombre geográfico como elemento de entrada [NR] Racismo
9 (RLIN) 23026
700 1# - ASIENTO SECUNDARIO - NOMBRE PERSONAL [R]
Nombre personal [NR] Mendoza, Ana
Término de relación [R]
9 (RLIN) 171763
765 ## - ASIENTO DE IDIOMA ORIGINAL [R]
Título [NR] Modernity and the holocaust.
942 ## - ELEMENTOS DE ENTRADA AGREGADOS (KOHA)
Tipo de ítem principal el descrito en 300a Libro
Tema principal Ciencia política
Edición 3
Parte restante de la signatura top. B347m
Sistema de clasificación DEWEY
Clasificación 320.56
Existencias
Fecha de último préstamo Total préstamos Total Renewals Signatura topográfica Código de barras Última vez visto Volúmen / Fascículo Ejemplar Price effective from Tipo de ítem Perdido Sistema de clasificación Dañado No prestable Tipo de ítem específico Suprimido Ubicación habitual Ubicación actual Localización Fecha de creación Forma de adquisición Costo
13/01/2022 43 2 320.56 B347m 100091082 09/06/2026 3a. Ed. Ej.1 03/02/2013 Libro   DEWEY     Libro   Claustro Claustro 3er piso 28/02/2013 Compra 107000.00